| 000 | 00651nam a22002057a 4500 | ||
|---|---|---|---|
| 005 | 20180704162637.0 | ||
| 010 | _aENG-123378 | ||
| 020 |
_c550.00 _a9789352531905 (vol. 1) |
||
| 035 | _aEN-106910 | ||
| 037 | _bDBAD/PUB | ||
| 082 | _a530 | ||
| 100 | _aJain, M C | ||
| 245 | 0 | 0 |
_aPhysics for NEET/AIIMS : _cby M C Jain _band other medical entrance tests / |
| 260 |
_aNew Delhi _bS. Chand and Company _c2017 |
||
| 270 |
_a7361, Ram Nagar, _bNew Delhi _e110055 |
||
| 300 |
_a695p. _c27cm(pbk) _bill. |
||
| 500 | _aIt includes comprehensive self-assessment test - 1 and 2 | ||
| 505 | _avol. 1 - | ||
| 942 |
_2ddc _cEN _mJAI _h530 |
||
| 999 |
_c153385 _d153385 |
||